Principles of dermatology

With Lookingbill and Marks' Principles of Dermatology, you can quickly confirm your diagnoses for even the most challenging dermatologic conditions! This highly visual guide provides the foundational information you need to identify the full range of skin diseases - all in a consistent, quick-r...

Cur síos iomlán

Đã lưu trong:
Sonraí Bibleagrafaíochta
Príomhúdar: Lookingbill, Donald P.
Formáid: Leabhar
Teanga:Undetermined
Foilsithe: Philadelphia W.B. Saunders Company 1985
Ábhair:
Clibeanna: Cuir Clib Leis
Gan Chlibeanna, Bí ar an gcéad duine leis an taifead seo a chlibeáil!
Thư viện lưu trữ: Trung tâm Học liệu Trường Đại học Cần Thơ
LEADER 00909nam a2200193Ia 4500
001 CTU_221097
008 210402s9999 xx 000 0 und d
082 |a 616.5 
082 |b L863 
100 |a Lookingbill, Donald P. 
245 0 |a Principles of dermatology 
245 0 |c Donald P. Lookingbill, James G. Marks 
260 |a Philadelphia 
260 |b W.B. Saunders Company 
260 |c 1985 
520 |a With Lookingbill and Marks' Principles of Dermatology, you can quickly confirm your diagnoses for even the most challenging dermatologic conditions! This highly visual guide provides the foundational information you need to identify the full range of skin diseases - all in a consistent, quick-reference format ideal for use in clinical practice 
650 |a Dematology,Da liễu học,Skin Diseases,Bệnh da 
904 |i Nguyên 
980 |a Trung tâm Học liệu Trường Đại học Cần Thơ